banner-ar

EUROPE AND THE MYSTIQUE OF ISLAM / (Record no. 25142)

MARC details
000 -الفاتح
حقل البيانات ثابتة الطول 00521nam a2200193Ia 4500
008 - عناصر البيانات ثابتة الطول - معلومات عامة
حقل البيانات ثابتة الطول 140319s9999 xx 000 0 eng d
040 ## - مصدر الفهرسة
وكالة الفهرسة الأصلية GCL /
وكالة النسخ GCL
082 04 - رقم تصنيف ديوى العشرى
رقم التصنيف 909.09761007204
رقم المادة R E
100 1# - المدخل الرئيسى - إسم شخصى
الإسم الشخصى RODINSON, MAXIME
245 10 - بيان العنوان
العنوان EUROPE AND THE MYSTIQUE OF ISLAM /
بيان المسئوليه,etc RODINSON, MAXIME
700 1# - المدخل الاضافى - اسم شخصى
الإسم الشخصى VINUS, ROGER
260 ## - PUBLICATION, DISTRIBUTION, ETC. (IMPRINT)
تاريخ النشر أو التوزيع 1991
300 ## - الوصف المادى
التعداد 163 P
650 04 - المدخل الاضافى بالموضوع-مصطلح موضوعى
مصطلح موضوعي TEACHING
650 04 - المدخل الاضافى بالموضوع-مصطلح موضوعى
مصطلح موضوعي CIVILIZATION
650 04 - المدخل الاضافى بالموضوع-مصطلح موضوعى
مصطلح موضوعي EUROPE - HISTORY
942 ## - عناصر المدخل الإضافي( كوها)
مصدر التصنيف او مخطط الترفيف Dewey Decimal Classification
Koha [default] item type كتاب
260 ## - PUBLICATION, DISTRIBUTION, ETC. (IMPRINT)
-- [S.N] :
-- UNIVERSITY OF WASHINGTON PRESS ،
Holdings
حالة التراجع حالة الفقد حالة تلف ليس للاعارة المكان المؤقت الموقع الحالى تاريخ الاكتساب اجمالي اﻻعارات رقم الطلب الباركود تاريخ اخر مشاهدة تاريخ تفعيل السعر نوع وعاء كوها
        مكتبة القاهرة الكبرى مكتبة القاهرة الكبرى 03/26/2014   909.09761007204\R E 44382 03/26/2014 03/26/2014 كتاب
        مكتبة القاهرة الكبرى مكتبة القاهرة الكبرى 03/26/2014   909.09761007204\R E 44383 03/26/2014 03/26/2014 كتاب

Powered By

EGPV